Digital Design Principles and Practices (Record no. 1059)

MARC details
000 -LEADER
fixed length control field 00365nam a2200145Ia 4500
008 - FIXED-LENGTH DATA ELEMENTS--GENERAL INFORMATION
fixed length control field 191201s2005 xx 000 0 und d
082 ## - DEWEY DECIMAL CLASSIFICATION NUMBER
Classification number 621.381958
Item number WAD
100 ## - MAIN ENTRY--PERSONAL NAME
Personal name WAKERLY, John
245 #0 - TITLE STATEMENT
Title Digital Design Principles and Practices
250 ## - EDITION STATEMENT
Edition statement 3rd
260 ## - PUBLICATION, DISTRIBUTION, ETC. (IMPRINT)
Place of publication, distribution, etc N.Delhi
Name of publisher, distributor, etc Pearson Education
Date of publication, distribution, etc 2005
300 ## - PHYSICAL DESCRIPTION
Extent 972
650 ## - SUBJECT ADDED ENTRY--TOPICAL TERM
Topical term or geographic name as entry element B.Tech(ECE)
942 ## - ADDED ENTRY ELEMENTS (KOHA)
Source of classification or shelving scheme Dewey Decimal Classification
Koha item type Text Books
Holdings
Withdrawn status Lost status Source of classification or shelving scheme Damaged status Not for loan Collection code Home library Current library Date acquired Source of acquisition Cost, normal purchase price Bill Number Total Checkouts Full call number Acc. no. / Barcode Date last seen Bill Date Koha item type
    Dewey Decimal Classification     B.Tech(ECE) PIET C-LIBRARY PIET C-LIBRARY 10/08/2006 UDH, Delhi 250.00 CM 4732   621.395 WAD 1277 04/12/2019 22/08/2005 Text Books
    Dewey Decimal Classification     B.Tech(ECE) PIET C-LIBRARY PIET C-LIBRARY 10/08/2006 UDH, Delhi 250.00 CM 4732   621.395 WAD 1278 04/12/2019 22/08/2005 Text Books
    Dewey Decimal Classification     B.Tech(ECE) PIET C-LIBRARY PIET C-LIBRARY 10/08/2006 UDH, Delhi 250.00 CM 4732   621.381958 WAD 1279 04/12/2019 22/08/2005 Text Books
    Dewey Decimal Classification     B.Tech(ECE) PIET C-LIBRARY PIET C-LIBRARY 10/08/2006 UDH, Delhi 250.00 CM 4732   621.395 WAD 1280 04/12/2019 22/08/2005 Text Books

Design & Developed by: PIET Central Library
R70 Miles Stone Pattikalyana Samalkha Panipat 132102
mail ID :- [email protected], Phone No:- 0180-2569700 Ex.216